000 00464nam a22001577a 4500
003 OSt
005 20140310182213.0
008 130906t xxu||||| |||| 00| 0 eng d
050 _aDU 105
_b.AU938 1990
082 _aHS 994
_bAu7 1990
245 _aAustralia /
_cedited by Brian R. Cummins, designed by John Simpson
260 _aAustralia :
_bCommonwealth of Australia,
_cc1990.
300 _a104 p. :
_bill. : col. ;
_c21 cm.
942 _2lcc
_cHS
999 _c10520
_d10520